|
|
|
|
| LEADER |
00000cam a2200000 i 4500 |
| 001 |
1/89836 |
| 008 |
080626s1976 gr | ||| |||| ||gre|| |
| 035 |
|
|
|l 10098474
|
| 040 |
|
|
|a GR-MY-UA
|b gre
|e aacr
|
| 041 |
0 |
|
|a gre
|
| 082 |
0 |
|
|a 370.15
|2 (22)
|
| 100 |
1 |
|
|a Πολεμικός, Νικήτας Ε.
|
| 245 |
1 |
0 |
|a Μπιχεβιορισμός, νεομπιχεβιορισμός και ψυχολογία της μάθησης /
|c Νικήτας Πολεμικός
|
| 260 |
|
|
|a [Αθήνα] :
|b [χ.ό.],
|c [1976]
|
| 300 |
|
|
|a 16 σ.;
|c 24 εκ.
|
| 500 |
|
|
|a Πηγή των βιβλιογραφικών πληροφοριών αποτελεί το εξώφυλλο του έργου
|
| 504 |
|
|
|a Βιβλιογραφία: σ. 16
|
| 650 |
0 |
0 |
|a Educational psychology.
|
| 650 |
0 |
0 |
|a Behavior modification.
|
| 650 |
0 |
0 |
|a School discipline.
|
| 852 |
|
|
|a INST
|b RHODES
|c AKA
|e 20080626
|h 370.15 ΠΟΛ
|p 005400028014
|q 005400028014
|t BK
|y 0
|
| 901 |
|
|
|a BIBL4-2008-2
|
| 909 |
|
|
|a Ρ
|b 150655
|
| 970 |
|
|
|a ΧΑΡΙΟΠΟΛΙΤΟΥ
|b ΚΩΝΣΤΑΝΤΙΝΑ
|z 2008/06/26
|